000 00556cam a2200193 a 4500
020 _a9781439800034
020 _a1439800030
040 _aDLC
_cDLC
082 0 0 _a681.2
_222
100 1 _aRaol, J. R.
245 1 0 _aMulti sensor data fusion with MATLAB
_cJitendra R. Raol.
260 _aBoca Raton :
_bCRC Press,
_cc2010.
300 _axxxiii, 534 p. :
_bill. ;
_c24 cm.
504 _aIncludes bibliographical references and index.
630 0 0 _aMATLAB.
650 0 _aMultisensor data fusion
_xData processing.
650 0 _aDetectors.
942 _2ddc
_cBK
999 _c11423
_d11423